عرض عادي
عرض مارك
- Hesselmans, Marthe
دخول Personal Name
001 - CONTROL NUMBER
- control field: 22457
003 - CONTROL NUMBER IDENTIFIER
- control field: AE-AdECS
005 - DATE AND TIME OF LATEST TRANSACTION
- control field: 20251104114554.0
008 - FIXED-LENGTH DATA ELEMENTS
- fixed length control field: 251104|| aca||aabn | a|a d
040 ## - CATALOGING SOURCE
- Original cataloging agency: AE-AdECS
- Transcribing agency: AE-AdECS
100 ## - HEADING--PERSONAL NAME
- Personal name: Hesselmans, Marthe
670 ## - SOURCE DATA FOUND
- Source citation: Work cat.: (AE-AdECS)292904: Hesselmans, Marthe., Good business :
